Real Writing (Record no. 85024)

MARC details
000 -LEADER
fixed length control field 00660nam a22002177a 4500
003 - CONTROL NUMBER IDENTIFIER
control field URS
005 - DATE AND TIME OF LATEST TRANSACTION
control field 20250828100513.0
008 - FIXED-LENGTH DATA ELEMENTS--GENERAL INFORMATION
fixed length control field 250331b ||||| |||| 00| 0 eng d
040 ## - CATALOGING SOURCE
Transcribing agency URS
050 ## - LIBRARY OF CONGRESS CALL NUMBER
Classification number LB3060.33.G45
Item number .Sw26 1989
100 ## - MAIN ENTRY--PERSONAL NAME
9 (RLIN) 11917
Personal name Swartz, Richard
245 ## - TITLE STATEMENT
Title Real Writing
Remainder of title : essentials of effective essay writing
264 ## - PRODUCTION, PUBLICATION, DISTRIBUTION, MANUFACTURE, AND COPYRIGHT NOTICE
Place of production, publication, distribution, manufacture Chicago
Name of producer, publisher, distributor, manufacturer Contemporary Books
Date of production, publication, distribution, manufacture, or copyright notice ©1989
336 ## - CONTENT TYPE
Source rdacontent
Content type term text
337 ## - MEDIA TYPE
Source rdamedia
Media type term unmediated
338 ## - CARRIER TYPE
Source rdacarrier
Carrier type term volume
650 #0 - SUBJECT ADDED ENTRY--TOPICAL TERM
9 (RLIN) 11918
Topical term or geographic name entry element Essay
General subdivision Authorship -- Problems, exercise, etc.
650 #0 - SUBJECT ADDED ENTRY--TOPICAL TERM
9 (RLIN) 4977
Topical term or geographic name entry element English language
General subdivision Rhetoric
650 #0 - SUBJECT ADDED ENTRY--TOPICAL TERM
9 (RLIN) 2222
Topical term or geographic name entry element Report writing
942 ## - ADDED ENTRY ELEMENTS (KOHA)
Source of classification or shelving scheme Library of Congress Classification
Koha item type Continuing Resources
Holdings
Withdrawn status Source of classification or shelving scheme Damaged status Not for loan Collection code Home library Current library Date acquired Total Checkouts Full call number Barcode Date last seen Price effective from Koha item type
  Library of Congress Classification     Non-fiction Morong Graduate Library Morong Graduate Library 03/31/2025   LB3060.33.G45 .Sw26 1989 URSMOR-GL-5548 03/31/2025 03/31/2025 Continuing Resources

University of Rizal System
Email us at univlibservices@urs.edu.ph

Visit our Website www.urs.edu.ph/library